000 00713nam a22002537a 4500
003 UA-OsUOA
001 23226
007 ta
008 20040115b un ||||| |||| 00| 0 ukr d
100 _aСлавченко Т.
090 _a252.8
_bС47
942 _cBK
040 _aUA-OsUOA
_bukr
_cUA-OsUOA
_dUA-OsUOA
245 _a"Вірую..." Православно-християнська наука, згідно з символом віри
_b(75 розмов-проповідей)
300 _a295 с.
955 _a0
041 _aukr
080 _a252.8
020 _a0-921517-14-9
260 _aВінніпег
_bЕклезія
_c1992
044 _aCA
650 7 _2UDC
999 _c309470
_d309470